Died in Battle - Sudden Death - Statistics

General Stats
  • This quiz has been taken 2,220 times
    2,204 since last reset
  • The average score is 4 of 16
Answers on the Grid
Answers color-coded by a green-red scale on the quiz's grid according to % correct below.
Abraham Lincoln
Adolf Hitler
Alexander the Great
Benito Mussolini
Blackbeard
Cassius
Crassus
Davy Crockett
Ferdinand Magellan
Fidel Castro
Genghis Khan
George Custer
Geronimo
Hannibal
Horatio Nelson
Idriss Déby
Isoroku Yamamoto
James Bowie
Joseph P. Kennedy Jr.
Joseph Stalin
Julius Caesar
King Richard I
Leon Trotsky
Napoleon Bonaparte
Sam Houston
Stonewall Jackson
Simon Bolivar
Sitting Bull
Tecumseh
The Red Baron
Vlad the Impaler
Vladimir Lenin
 
Answer Stats
Answer % Correct
George Custer
50%
Davy Crockett
45%
Blackbeard
39%
Horatio Nelson
37%
Ferdinand Magellan
24%
Crassus
23%
The Red Baron
23%
King Richard I
22%
Cassius
19%
Sitting Bull
14%
Isoroku Yamamoto
13%
James Bowie
13%
Joseph P. Kennedy Jr.
11%
Vlad the Impaler
10%
Tecumseh
9%
Idriss Déby
6%
No matching quizzes found
Score Distribution
Percent of People with Each Score
Percentile by Number Answered
Your Score History
You have not taken this quiz since the last reset